[Event "Guillermo Garcia Memorial op 27th"]
[Site "Santa Clara"]
[Date "2018.05.30"]
[Round "8"]
[White "Arguelles, Loy Felix O"]
[Black "Fernandez Rivero, Karla July"]
[Result "1/2-1/2"]
[WhiteElo "2217"]
[BlackElo "2023"]
[PlyCount "68"]
[EventDate "2018.05.22"]
[EventType "swiss"]
[EventRounds "9"]
[EventCountry "CUB"]
[SourceTitle "CBM 184 Extra"]
[Source "ChessBase"]
[SourceDate "2018.06.28"]
[SourceVersion "1"]
[SourceVersionDate "2018.06.28"]
[SourceQuality "1"]

1. c4 e5 2. g3 Nf6 3. Bg2 d5 4. cxd5 Nxd5 5. Nc3 Nb6 6. Nf3 Nc6 7. 0-0 Be7 8. a3 0-0 9. b4 Be6 10. Rb1 f6 11. d3 Qc8 12. Ne4 Nd5 13. Bb2 Rd8 14. Rc1 Qd7 15. Qc2 a5 16. Nc5 Bxc5 17. bxc5 a4 18. e3 Nde7 19. d4 exd4 20. Nxd4 Nxd4 21. Bxd4 Nc6 22. Rfe1 Bf5 23. Qb2 Nxd4 24. exd4 c6 25. Rc4 Re8 26. Re3 Rxe3 27. fxe3 Re8 28. Qf2 Bd3 29. Rxa4 Qe6 30. Rb4 Qxe3 31. Qxe3 Rxe3 32. Rxb7 Re1+ 33. Kf2 Re2+ 34. Kg1 Re1+ 1/2-1/2

[Event "Capablanca Memorial op-B 48th"]
[Site "Havana"]
[Date "2013.04.30"]
[Round "9"]
[White "Docampo Beltran, Dexter"]
[Black "Arguelles, Loy Felix O"]
[Result "1-0"]
[WhiteElo "2204"]
[BlackElo "2094"]
[PlyCount "133"]
[EventDate "2013.04.21"]
[EventType "swiss"]
[EventRounds "9"]
[EventCountry "CUB"]
[SourceTitle "CBM 154 Extra"]
[Source "ChessBase"]
[SourceDate "2013.06.25"]
[SourceVersion "2"]
[SourceVersionDate "2013.06.25"]
[SourceQuality "1"]

1. e4 d6 2. d4 Nf6 3. Nc3 e5 4. Nf3 Nbd7 5. Bc4 Be7 6. 0-0 0-0 7. h3 c6 8. Bb3 Qc7 9. Be3 b5 10. a3 Rb8 11. Re1 a5 12. Bg5 h6 13. Bh4 Re8 14. Bg3 Bf8 15. Qd3 exd4 16. Qxd4 Ne5 17. Qe3 b4 18. axb4 axb4 19. Nb1 c5 20. Nxe5 dxe5 21. Nd2 Bb7 22. Kh1 Red8 23. f3 Nh5 24. Bh2 Be7 25. Nc4 Bh4 26. Red1 Bg3 27. Bxg3 Nxg3+ 28. Kh2 Nh5 29. Qg1 Nf4 30. Ra7 Ne2 31. Rxd8+ Rxd8 32. Qe3 Nd4 33. Na5 Rf8 34. Bd5 Qb6 35. Rxb7 Qxa5 36. c3 bxc3 37. bxc3 Ne6 38. Qd2 Qd8 39. Qa2 Qf6 40. Qf2 h5 41. h4 Nf4 42. Bc4 Ne6 43. Qg3 g6 44. Rb6 Rd8 45. Rc6 Rd2 46. Bxe6 fxe6 47. Qg5 Qxg5 48. hxg5 Rc2 49. Rxc5 Kf7 50. Rc7+ Kf8 51. c4 Kg8 52. c5 Kf8 53. c6 Kg8 54. Kg1 Kf8 55. Kf1 Kg8 56. Ke1 Kf8 57. Kd1 Rc5 58. Kd2 Kg8 59. Kd3 Rc1 60. Ke3 Rc3+ 61. Kd2 Rc5 62. Kd1 Kf8 63. Ke2 Rc2+ 64. Kd3 Rc1 65. f4 exf4 66. Kd4 h4 67. Ke5 1-0

[Event "Capablanca Memorial op-B 48th"]
[Site "Havana"]
[Date "2013.04.29"]
[Round "8"]
[White "Arguelles, Loy Felix O"]
[Black "Cabrera Ladron de Guevara, Mayra"]
[Result "1-0"]
[WhiteElo "2094"]
[BlackElo "2016"]
[PlyCount "127"]
[EventDate "2013.04.21"]
[EventType "swiss"]
[EventRounds "9"]
[EventCountry "CUB"]
[SourceTitle "CBM 154 Extra"]
[Source "ChessBase"]
[SourceDate "2013.06.25"]
[SourceVersion "2"]
[SourceVersionDate "2013.06.25"]
[SourceQuality "1"]

1. c4 Nf6 2. g3 g6 3. Bg2 Bg7 4. Nc3 0-0 5. e4 d6 6. Nge2 e5 7. 0-0 Be6 8. d3 Qd7 9. f3 Bh3 10. Be3 Bxg2 11. Kxg2 c6 12. Qa4 Na6 13. Rad1 Nc5 14. Qa3 Ne6 15. d4 exd4 16. Nxd4 Rad8 17. Qxa7 Ra8 18. Qb6 Qe7 19. Qb3 Nc5 20. Qc2 d5 21. cxd5 cxd5 22. Bg5 dxe4 23. fxe4 Qe5 24. Bxf6 Bxf6 25. Nd5 Nd7 26. Nf3 Qe6 27. a3 Rac8 28. Qe2 Rfe8 29. Rfe1 Bg7 30. Rd2 Nc5 31. Rc2 Nxe4 32. Qxe4 Qxe4 33. Rxc8 Qxe1 34. Nxe1 Rxc8 35. Ne7+ Kf8 36. Nxc8 Bxb2 37. Nc2 Be5 38. Nb6 Ke7 39. Kf3 Ke6 40. Ke4 f5+ 41. Kd3 h5 42. Nc4 Bc7 43. Nd4+ Kd5 44. Ne3+ Ke5 45. Nf3+ Ke6 46. Ng5+ Ke5 47. Ng2 Kf6 48. Nf3 g5 49. a4 f4 50. gxf4 gxf4 51. Ke4 Ke7 52. Nxf4 Kd6 53. Nd5 Bb8 54. Ne5 Ke6 55. Nf4+ Kd6 56. Nxh5 Ba7 57. Nf4 b5 58. axb5 Kc5 59. Nc6 Bb6 60. Nd4 Kd6 61. h4 Bd8 62. h5 Bg5 63. b6 Bh6 64. Nf5+ 1-0

[Event "Capablanca Memorial op-B 48th"]
[Site "Havana"]
[Date "2013.04.25"]
[Round "5"]
[White "Arguelles, Loy Felix O"]
[Black "Lochte, Thomas"]
[Result "1-0"]
[WhiteElo "2094"]
[BlackElo "2186"]
[PlyCount "91"]
[EventDate "2013.04.21"]
[EventType "swiss"]
[EventRounds "9"]
[EventCountry "CUB"]
[SourceTitle "CBM 154 Extra"]
[Source "ChessBase"]
[SourceDate "2013.06.25"]
[SourceVersion "2"]
[SourceVersionDate "2013.06.25"]
[SourceQuality "1"]

1. c4 e5 2. g3 Nf6 3. Bg2 c6 4. d4 e4 5. Nc3 d5 6. cxd5 cxd5 7. Bg5 Be7 8. Qb3 Nc6 9. e3 Nb4 10. 0-0-0 Nd3+ 11. Rxd3 exd3 12. Bxf6 Bxf6 13. Bxd5 0-0 14. Nf3 Qe7 15. Rd1 Rb8 16. Rxd3 b5 17. e4 b4 18. Na4 Ba6 19. Rd2 Rfc8+ 20. Kb1 Bb7 21. e5 Bxd5 22. Qxd5 Bg5 23. Rd1 Qc7 24. Nc5 Be7 25. Rc1 Rb5 26. Nd2 Bxc5 27. Nb3 a5 28. Nxc5 Qc6 29. Qxc6 Rxc6 30. f4 Rc8 31. Rc4 a4 32. Kc2 h5 33. Kd3 a3 34. b3 Kh7 35. Na6 Rd8 36. Nxb4 g5 37. Ke4 gxf4 38. gxf4 Rg8 39. Kf3 h4 40. d5 Rgb8 41. Nc6 Ra8 42. d6 Rxb3+ 43. axb3 a2 44. Rc1 Rc8 45. d7 Rxc6 46. Ra1 1-0